A interação entre os controles interno e externo : (Record no. 989)

MARC details
000 -LÍDER
Campo Fixo de Controle 00966nam a2200277 a 4500
001 - NÚMERO DE CONTROLE
Campo de Controle 989
003 - IDENTIFICAÇÃO DO NÚMERO DE CONTROLE
Campo de Controle BR-CuiBMT
005 - DATA E HORA DA ÚLTIMA ATUALIZAÇÃO
Campo de Controle 20231205193047.0
008 - DADOS FIXOS
Dados Fixos 231124s2009 rjba 000 0 por d
020 ## - INTERNATIONAL STANDARD BOOK NUMBER
Nº do ISBN 9788589883054
040 ## - AGÊNCIA CATALOGADORA
Código da Agência Catalogadora BR-CuiBMT
Agência que transcreveu o registro BR-CuiBMT
080 ## - Nº DA CLASSIFICAÇÃO DECIMAL UNIVERSAL
Nº edição CDU 2007
Nº Class. CDU 35.078.3
Subd. Auxiliar Comum (81)
090 ## - NÚMERO DE CHAMADA
Nº classificação 35.078.3(81)
Cutter L732a
100 10 - ENTRADA PRINCIPAL -- AUTOR PESSOAL
Nome pessoal Lima, Ivonete Dionizio de
245 10 - TÍTULO PRINCIPAL
Título principal A interação entre os controles interno e externo :
Subtítulo um estudo no âmbito estadual da administração pública brasileira /
Indicação de responsabilidade Ivonete Dionizio de Lima.
260 ## - PUBLICAÇÃO, DISTRIBUIÇÃO, ETC.
Local de publicação Rio de Janeiro:
Editora Padma,
Data 2009.
300 ## - DESCRIÇÃO FÍSICA
N. páginas ou volumes 128 p. :
Ilustrações il.
Dimensões 21 cm
490 00 - INDICAÇÃO DE SÉRIE
Título da série Selo Aliomar Baleeiro
Volume/designação sequencial da série v. 7
504 ## - NOTA DE BIBLIOGRAFIA, ETC.
Nota de bibliografia inclui bibliografia.
650 ## - ASSUNTO TÓPICO
Cabeçalho tópico ou nome geográfico Administração pública
Subdivisão geral controle
Subdivisão geográfica Brasil
650 ## - ASSUNTO TÓPICO
Cabeçalho tópico ou nome geográfico Administração pública
Subdivisão geral Auditoria
Subdivisão geográfica Brasil
650 ## - ASSUNTO TÓPICO
Cabeçalho tópico ou nome geográfico Administração estadual
Subdivisão geográfica Brasil
650 ## - ASSUNTO TÓPICO
Cabeçalho tópico ou nome geográfico Auditoria interna
Subdivisão geográfica Brasil
830 ## - ENTRADA SECUNDÁRIA DE SÉRIE -- TÍTULO UNIFORME
Título uniforme Selo Aliomar Baleeiro
Nº do volume/designação sequencial da série 7
942 ## - ELEMENTOS DE ENTRADA ADICIONAIS (KOHA)
Fonte de classificação ou esquema de arquivamento Classificação Decimal Universal
Tipo de item do Koha Livros
Holdings
Estado: removido Estado: perdido Fonte de classificação ou esquema de arquivamento Estado: danificado Indisponível para empréstimo Localização permanente Localização atual Data de aquisição Total Checkouts Número de Chamada completo Código de barras Date last seen Número do exemplar Preço efetivo a partir de Tipo de item (Koha)
    Classificação Decimal Universal     Biblioteca da Escola Superior de Contas do TCE/MT Biblioteca da Escola Superior de Contas do TCE/MT 17/04/2019   35.078.3(81) L732a BIBTCEMT23111067 24/11/2023 Ex. 1 24/11/2023 Livros
    Classificação Decimal Universal     Biblioteca da Escola Superior de Contas do TCE/MT Biblioteca da Escola Superior de Contas do TCE/MT 17/04/2019   35.078.3(81) L732a BIBTCEMT23111068 24/11/2023 Ex. 2 24/11/2023 Livros
    Classificação Decimal Universal     Biblioteca da Escola Superior de Contas do TCE/MT Biblioteca da Escola Superior de Contas do TCE/MT 17/04/2019   35.078.3(81) L732a BIBTCEMT23120635 15/12/2023 Ex. 3 24/11/2023 Livros

Powered by Koha